full metal alchemist - 51 personnages - Statistiques

Statistiques générales
  • Ce quiz a été pris 534 fois
  • Le résultat moyen est 17 sur 51
Statistiques - réponses
Fonction Réponse % Correct
alchimiste Alphonse Elric
95%
alchimiste Edward Elric
95%
militaire Roy Mustang
88%
homonculus Envy
78%
homonculus Wrath / King Bradley
75%
homonculus Gluttony
73%
homonculus Lust
73%
homonculus Pride / Selim Bradley
72%
homonculus Greed
66%
alchimiste Scar
64%
militaire Alex Armstrong
57%
militaire Olivia Armstrong
57%
homonculus Sloth
52%
civil Winry Rockbell
52%
militaire Riza Hawkeye
51%
civil Trisha Elric
50%
homonculus Homonculus / Father
46%
militaire Maes Hughes
45%
civil Van Hohenheim
40%
civil Pinako Rockbell
36%
civil Elicia Hughes
34%
civil Gracia Hughes
34%
civil Nina Tucker
30%
alchimiste Sho Tucker
30%
alchimiste Kimblee
29%
militaire Jean Havoc
28%
étranger Fu
26%
civil Tim Marcoh
25%
civil Izumi Curtis
23%
militaire Maria Ross
21%
animal Xiao Mei
19%
étranger May Chang
17%
civil Sig Curtis
17%
militaire Heimans Breda
13%
militaire Miles
12%
étranger Ran Fan
12%
militaire Vato Falman
12%
militaire Kain Fuery
11%
étranger Yao Lin
10%
chimère Darius
9%
chimère Zampano
9%
militaire Buccaneer
8%
civil Cornello
8%
militaire Grumman
7%
chimère Heinkel
7%
civil Yoki
6%
militaire Denny Brosh
5%
médecin Knox
5%
militaire Raven
5%
civil Rose Thomas
4%
chimère Gelso
3%
Aucun quiz correspondant
Distribution des résultats
% des personnes avec chaque résultat
Percentile par nombre de réponses
Votre historique - résultats
Vous n’avez pas pris ce quiz